000 00759nam a2200193Ia 4500
008 151121s9999||||xx |||||||||||||| ||und||
082 _a832/पाण्डेय
082 _bHNW-21539
100 _aपाण्डेय रुपनारायण - अनु।
245 _aनूरजहाँ नाटक
260 _b"हिन्दी-ग्रन्थ-रत्नाकर कार्यालय, बम्बई।"
260 _c--
300 _a148
600 _aपाण्डेय रुपनारायण - अनु।
630 _aनूरजहाँ नाटक
700 _aपाण्डेय रुपनारायण - अनु।
730 _aनूरजहाँ नाटक
942 _cBOOK
999 _c1221601
_d1221598